Multiple Choice Trivia Quiz Stats

 Plays Quiz Updated Jul 14, 2018

Challenge
Share
Tweet
Embed
Score 0/30 Timer 10:00
22 Plays Today
Question Answer Wrong Answers
What restaurant franchise advises you to 'Eat Fresh'? Subway
79%
McDonald's
4%
KFC
4.6%
Taco Bell
1.6%
What is the largest planet in our Solar System? Jupiter
70.5%
Pluto
3.9%
Saturn
11.3%
Earth
3.6%
Adele performed the theme song to which James Bond film? Skyfall
69.7%
Casino Royale
8.5%
Quantum of Solace
9.5%
From Russia With Love
1.1%
What religion is the most practiced one in India? Hinduism
65.3%
Shinto
19.2%
Islam
2.1%
Sikhism
2.4%
In which language was the book 'War and Peace' originally written? Russian
65%
English
10.3%
French
9.4%
German
4.6%
Which of these chess figures is closely related to 'Bohemian Rhapsody'? Queen
62.8%
King
21.3%
Bishop
2.6%
Pawn
1.9%
How many blue stripes does the United States of America national flag have? 0
60.6%
6
5.2%
7
8.7%
13
14.8%
Which truck is produced by the Ford Motor Company? F-150
60.3%
RAV4
21.8%
Silverado 1500
4.1%
CR-V
2.3%
What funk/soul band was Lionel Richie a member of? Commodores
59.9%
Amigas
17.2%
Spectrums
9.7%
Ataris
2%
How many spaces are on a standard Monopoly board? 40
59.6%
20
4.1%
60
17.6%
80
8.1%
Which of these antagonist characters was created by novelist J.K. Rowling? Lord Voldemort
57.7%
Lord Farqaad
3.6%
Darth Vader
26.6%
Professor Moriarty
1.2%
Other than eggs, what is a primary ingredient in Eggs Florentine? Spinach
54.6%
Ham
8.9%
Avocado
12.5%
Gorgonzola
13.3%
Which actress plays a major role on the TV show 'The Big Bang Theory'? Kaley Cuoco
52.1%
Emily Deschanel
13%
Sofia Vergara
21.9%
Portia de Rossi
1.8%
What did Alfred Nobel develop? Dynamite
51.7%
Atomic bomb
13.2%
Nobelium
19.3%
Gunpowder
4.9%
What was the first successful vaccine developed in history? Smallpox
48.9%
Scarlet Fever
11%
Rabies
13%
Cholera
15.8%
According to Persian folklore, who is the storyteller of 'One Thousand and One Nights'? Scheherazade
47.6%
Kanaan
27.7%
Homer
6.7%
Hatshepsut
7.1%
Which US President is most to the left on the Mount Rushmore National Memorial? George Washington
46.9%
Thomas Jefferson
19%
Theodore Roosevelt
17.6%
Abraham Lincoln
6%
What is the name for the Jewish New Year? Rosh Hashanah
46.7%
Yom Kippur
21.4%
Hannukah
20.1%
Kwanzaa
1.4%
Which country hosted the Summer Olympics in 2016? Brazil
45.2%
China
19.2%
Spain
14%
Greece
10.4%
Which mammal first reached Earth's orbit alive? Dog
44.7%
Monkey
32%
Cat
10.6%
Human
1.9%
Which of these countries was not a Soviet Republic in USSR? Serbia
44.6%
Moldova
26.9%
Azerbaijan
12.8%
Kyrgyzstan
4.2%
Which city's landmarks include: The Pantheon, The Spanish Steps and Trevi Fountain? Rome
43.9%
Athens
20.2%
Barcelona
15.7%
Istanbul
9.6%
Which of these NBA franchises has never signed LeBron James? Boston Celtics
43.4%
Los Angeles Lakers
11.5%
Cleveland Cavaliers
16.1%
Miami Heat
17.6%
What temperature is the same in Celsius and Fahrenheit? -40°
41.1%
+100°
5.2%
+40°
8%
35%
What is the name of the boxer whose life story is depicted in the 1999 movie 'The Hurricane'? Rubin Carter
40.6%
Muhammad Ali
27.3%
Jake LaMotta
12.6%
Rocky Marciano
8.3%
What is the largest country, by area, that has only one time zone? China
38.9%
Russia
16.1%
Turkey
21.8%
Australia
12.5%
Which of these cities is closest to London, UK? Boston, MA
38.8%
New York, NY
27.3%
Atlanta, GA
18.8%
Miami, FL
3.4%
Which movie was the first to win 11 Academy Awards? Ben-Hur
38.5%
Titanic
35.7%
Sound of Music
12.1%
La La Land
2.8%
Which actor does not appear in 'Saving Private Ryan'? Ralph Fiennes
30.6%
Tom Hanks
13%
Vin Diesel
40.6%
Giovanni Ribisi
4.5%
What is the color of Donald Duck's bowtie? Red
29.7%
Blue
29.5%
Green
9.6%
Yellow
19.4%

You're not logged in!

Compare scores with friends on all Sporcle quizzes.
Join for Free
OR
Log In

You Might Also Like...

Show Comments

Extras

Top Quizzes Today


Score Distribution

Your Account Isn't Verified!

In order to create a playlist on Sporcle, you need to verify the email address you used during registration. Go to your Sporcle Settings to finish the process.

Report this User

Report this user for behavior that violates our Community Guidelines.

Details: